Poverty lines in India: reflections after the Patna conference (Record no. 75986)

000 -LEADER
fixed length control field 01058pab a2200181 454500
008 - FIXED-LENGTH DATA ELEMENTS--GENERAL INFORMATION
fixed length control field 180718b2007 xxu||||| |||| 00| 0 eng d
100 ## - MAIN ENTRY--PERSONAL NAME
Personal name Srinivasan, T.N.
245 ## - TITLE STATEMENT
Title Poverty lines in India: reflections after the Patna conference
260 ## - PUBLICATION, DISTRIBUTION, ETC.
Date of publication, distribution, etc. 2007
300 ## - PHYSICAL DESCRIPTION
Extent p.4155-165.
362 ## - DATES OF PUBLICATION AND/OR SEQUENTIAL DESIGNATION
Dates of publication and/or sequential designation 13 Oct
520 ## - SUMMARY, ETC.
Summary, etc. In assessing India's experience with the definition and use of poverty lines, one has to keep in mind their normative and monitoring roles. After reviewing the evolution of poverty lines in India from a historical perspective and critically discussing some issues relating to current official poverty lines, this paper assesses whether it makes sense to anchor these lines in average energy norms. It concludes with a new approach to the measurement of poverty, besides providing some suggestions for broadening its conception and commenting on some of the current poverty alleviation policies. - reproduced.
650 ## - SUBJECT ADDED ENTRY--TOPICAL TERM
Topical term or geographic name entry element Poverty - India
650 ## - SUBJECT ADDED ENTRY--TOPICAL TERM
Topical term or geographic name entry element Poverty
773 ## - HOST ITEM ENTRY
Main entry heading Economic and Political Weekly
908 ## - PUT COMMAND PARAMETER (RLIN)
Put command parameter N
909 ## -
-- 75986
Holdings
Withdrawn status Lost status Damaged status Not for loan Permanent Location Current Location Date acquired Serial Enumeration / chronology Barcode Date last seen Price effective from Koha item type
        Indian Institute of Public Administration Indian Institute of Public Administration 2018-07-19 Volume no: 42, Issue no: 41 AR76446 2018-07-19 2018-07-19 Articles

Powered by Koha